Rozpoznávanie ofenzívneho správania s využitím analýzy sentimentu

Gespeichert in:
Bibliographische Detailangaben
1. Verfasser: Drgoňa, Marek (Verfasst von)
Weitere Verfasser: Šimko, Marián (Betreuung Doktorarbeit)
Format: Manuskript Buch
Sprache:Slowakisch
Veröffentlicht: 2021
Schlagworte:
Online-Zugang:http://is.stuba.sk/zp/portal_zp.pl?podrobnosti=158902
Tags: Tag hinzufügen
Keine Tags, Fügen Sie das erste Tag hinzu!

MARC

LEADER 00000ntm a22000003a 4500
001 stuzp85609
003 SK-STU
005 20210619211730.6
007 ta
008 150427s2015----xo-----f-mn---000-0-slo-d
040 |a STU  |b slo 
041 0 |a slo 
100 1 |a Drgoňa, Marek  |u 070200  |4 aut  |U FIIT Fakulta informatiky a informačných technológií  |T FIIT Ústav informatiky, informačných systémov a softvérového inžinierstva  |X 85811  |U I200  |Y 179  |7 85811 
242 0 1 |a Offensive language recognition using sentiment analysis  |y eng 
245 1 0 |a Rozpoznávanie ofenzívneho správania s využitím analýzy sentimentu 
260 |c 2021 
650 4 |a transformery  |2 slo 
650 4 |a hlboké učenie  |2 slo 
650 4 |a spracovanie prirodzeného jazyka  |2 slo 
650 4 |a rozpoznávanie ofenzívneho správania  |2 slo 
650 4 |a analýza sentimentu  |2 slo 
650 4 |a natural language processing  |2 eng 
650 4 |a offensive language recognition  |2 eng 
650 4 |a sentiment analysis  |2 eng 
650 4 |a deep learning  |2 eng 
650 4 |a transformers  |2 eng 
700 1 |a Šimko, Marián  |4 ths  |X 30649  |7 30649 
856 4 |u http://is.stuba.sk/zp/portal_zp.pl?podrobnosti=158902